A Textbook of Botany (Record no. 5184)

MARC details
000 -LEADER
fixed length control field 00554nam a22002177a 4500
003 - CONTROL NUMBER IDENTIFIER
control field OSt
005 - DATE AND TIME OF LATEST TRANSACTION
control field 20160913135719.0
008 - FIXED-LENGTH DATA ELEMENTS--GENERAL INFORMATION
fixed length control field 160913b xxu||||| |||| 00| 0 eng d
020 ## - INTERNATIONAL STANDARD BOOK NUMBER
International Standard Book Number 9788125917151
040 ## - CATALOGING SOURCE
Transcribing agency DDC
082 ## - DEWEY DECIMAL CLASSIFICATION NUMBER
Classification number 580 PAN 2006
100 ## - MAIN ENTRY--PERSONAL NAME
Personal name Pandey, S.N.; Trivedi, P.S
9 (RLIN) 11036
245 ## - TITLE STATEMENT
Title A Textbook of Botany
250 ## - EDITION STATEMENT
Edition statement Vol. 11th ed.
260 ## - PUBLICATION, DISTRIBUTION, ETC. (IMPRINT)
Place of publication, distribution, etc. New Delhi; Vikas, 2006
300 ## - PHYSICAL DESCRIPTION
Extent xii,752p; ill: 24cm
504 ## - BIBLIOGRAPHY, ETC. NOTE
Bibliography, etc References, & index included
650 ## - SUBJECT ADDED ENTRY--TOPICAL TERM
Topical term or geographic name as entry element Botany
9 (RLIN) 1777
650 ## - SUBJECT ADDED ENTRY--TOPICAL TERM
Topical term or geographic name as entry element Biology
9 (RLIN) 5602
942 ## - ADDED ENTRY ELEMENTS (KOHA)
Source of classification or shelving scheme Other/Generic Classification Scheme
Koha item type Book Bank
Holdings
Withdrawn status Lost status Source of classification or shelving scheme Damaged status Not for loan Home library Current library Date acquired Source of acquisition Inventory number Total Checkouts Full call number Barcode Date last seen Date last checked out Koha item type
    Dewey Decimal Classification     MUST Main Library MUST Main Library 13/09/2016   16/39863 1 580 PAN 2006 2016-4126 03/05/2021 10/03/2021 Book Bank
    Dewey Decimal Classification     MUST Main Library MUST Main Library 13/09/2016   16/39864   580 PAN 2006 2016-4127 13/09/2016   Book Bank
    Dewey Decimal Classification     MUST Main Library MUST Main Library 13/09/2016   16/39865 2 580 PAN 2006 2016-4128 28/11/2024 14/10/2024 Book Bank
    Dewey Decimal Classification     MUST Main Library MUST Main Library 13/09/2016   16/39866   580 PAN 2006 2016-4129 13/09/2016   Book Bank
    Dewey Decimal Classification     MUST Main Library MUST Main Library 13/09/2016   16/39867   580 PAN 2006 2016-4130 13/09/2016   Book Bank